000 00544nam a2200217Ia 4500
005 20250130002430.0
008 240331s9999 xx 000 0 und d
020 _a8185107076
082 _bSHI
_21500
_a304.2
100 _aShiva, V
245 0 _aStaying Alive:
_bWomen, Ecology and Survival in India
260 _aNew Delhi
_bKali for Women
_c1988
260 _aLondon
_bZed Books
_c1988
300 _axx, 224 p.,
650 _aWomen
650 _aGender
650 _aEcology
650 _aNature
650 _aDevelopment
942 _cL
999 _c1466
_d1466